| 000 -LEADER |
| fixed length control field |
02403nam a2200205 a 4500 |
| 001 - CONTROL NUMBER |
| control field |
ASIN0141013826 |
| 005 - DATE AND TIME OF LATEST TRANSACTION |
| control field |
20170105102906.0 |
| 008 - FIXED-LENGTH DATA ELEMENTS--GENERAL INFORMATION |
| fixed length control field |
131023s2007 xxu eng d |
| 020 ## - INTERNATIONAL STANDARD BOOK NUMBER |
| International Standard Book Number |
0141013826 (paperback) |
| Terms of availability |
$33.00 |
| 020 ## - INTERNATIONAL STANDARD BOOK NUMBER |
| International Standard Book Number |
9780141013824 (paperback) |
| 040 ## - CATALOGING SOURCE |
| Original cataloging agency |
0 |
| 082 ## - DEWEY DECIMAL CLASSIFICATION NUMBER |
| Classification number |
909.82 |
| 100 1# - MAIN ENTRY--PERSONAL NAME |
| Personal name |
Ferguson, Niall. |
| 245 14 - TITLE STATEMENT |
| Title |
The war of the world : |
| Remainder of title |
history's age of hatred / |
| Statement of responsibility, etc. |
Niall Ferguson. |
| 260 ## - PUBLICATION, DISTRIBUTION, ETC. |
| Place of publication, distribution, etc. |
[S.l.] : |
| Name of publisher, distributor, etc. |
Penguin Group(CA), |
| Date of publication, distribution, etc. |
2007. |
| 300 ## - PHYSICAL DESCRIPTION |
| Extent |
816 p. ; |
| Dimensions |
20 cm. |
| 520 ## - SUMMARY, ETC. |
| Summary, etc. |
Niall Ferguson's "The War of the World: History's Age of Hatred" re-tells the story of history's most savage century as a continual war that raged for 100 years. At the beginning of the twentieth century, globalizing, booming economies married to technological breakthroughs seemed to promise a better world for most people. Instead, the 20th century proved to be overwhelmingly the most violent, frightening and brutalized in history with fanatical, often genocidal warfare engulfing most societies between the outbreak of the First World War and the end of the Cold War. What turned it into a bloodbath? From the plains of Poland to the killing fields of Cambodia, Niall Ferguson reveals how economic boom-and-bust, decaying empires and - above all - poisonous ideas of race led men to treat each other as aliens. It was an age of hatred that ended with the twilight, not the triumph, of the West. And, he warns, it could happen all over again. "A heartbreaking, serious and thoughtful survey of human evil that is utterly fascinating and dramatic". (Simon Sebag Montefiore, "The New York Times"). "Unputdownable, controversial, compelling". ("Independent on Sunday"). "A big, bold and brilliantly belligerent book". ("Sunday Telegraph"). "Hums with energy, quotable insights and pithy summaries". ("Observer"). "Gripping". (Tristram Hunt). Niall Ferguson is one of Britain's most renowned historians. He is Laurence A. Tisch Professor of History at Harvard University, a Senior Research Fellow of Jesus College, Oxford and a Senior Fellow of the Hoover Institution, Stanford University. He is the bestselling author of "Paper and Iron", "The House of Rothschild", "The Pity of War", "The Cash Nexus", "Empire", "Colossus", "The War of the World" and "The Ascent of Money". |
| 856 40 - ELECTRONIC LOCATION AND ACCESS |
| Materials specified |
Amazon.com |
| Uniform Resource Identifier |
<a href="http://www.amazon.com/exec/obidos/ASIN/0141013826/chopaconline-20">http://www.amazon.com/exec/obidos/ASIN/0141013826/chopaconline-20</a> |
| 942 ## - ADDED ENTRY ELEMENTS (KOHA) |
| Source of classification or shelving scheme |
|
| Koha item type |
Book |